<?xml version="1.0" encoding="UTF-8"?>
<record
    xmlns:xsi="http://www.w3.org/2001/XMLSchema-instance"
    xsi:schemaLocation="http://www.loc.gov/MARC21/slim http://www.loc.gov/standards/marcxml/schema/MARC21slim.xsd"
    xmlns="http://www.loc.gov/MARC21/slim">

  <leader>01345nam a22002177a 4500</leader>
  <controlfield tag="003">NALT</controlfield>
  <controlfield tag="005">20260318143604.0</controlfield>
  <controlfield tag="008">211124b        th ||||| |||| 00| 0 tha d</controlfield>
  <datafield tag="040" ind1=" " ind2=" ">
    <subfield code="a">NALT</subfield>
  </datafield>
  <datafield tag="090" ind1=" " ind2=" ">
    <subfield code="a">ELR 120/2 2564</subfield>
  </datafield>
  <datafield tag="100" ind1="0" ind2=" ">
    <subfield code="a">&#xE01;&#xE39;&#xE49;&#xE40;&#xE01;&#xE35;&#xE22;&#xE23;&#xE15;&#xE34; &#xE19;&#xE27;&#xE30;&#xE21;&#xE30;&#xE27;&#xE31;&#xE12;&#xE19;&#xE4C;</subfield>
    <subfield code="9">45907</subfield>
  </datafield>
  <datafield tag="245" ind1="1" ind2="0">
    <subfield code="a">&#xE04;&#xE39;&#xE48;&#xE21;&#xE37;&#xE2D;&#xE01;&#xE32;&#xE23;&#xE08;&#xE31;&#xE14;&#xE17;&#xE33;&#xE41;&#xE1C;&#xE19;&#xE1B;&#xE0F;&#xE34;&#xE1A;&#xE31;&#xE15;&#xE34;&#xE23;&#xE32;&#xE0A;&#xE01;&#xE32;&#xE23;&#xE1B;&#xE23;&#xE30;&#xE08;&#xE33;&#xE1B;&#xE35;&#xE02;&#xE2D;&#xE07;&#xE2A;&#xE33;&#xE19;&#xE31;&#xE01;&#xE07;&#xE32;&#xE19;&#xE40;&#xE25;&#xE02;&#xE32;&#xE18;&#xE34;&#xE01;&#xE32;&#xE23;&#xE2A;&#xE20;&#xE32;&#xE1C;&#xE39;&#xE49;&#xE41;&#xE17;&#xE19;&#xE23;&#xE32;&#xE29;&#xE0E;&#xE23; /</subfield>
    <subfield code="c">&#xE01;&#xE39;&#xE49;&#xE40;&#xE01;&#xE35;&#xE22;&#xE23;&#xE15;&#xE34; &#xE19;&#xE27;&#xE30;&#xE21;&#xE30;&#xE27;&#xE31;&#xE12;&#xE19;&#xE4C;.</subfield>
  </datafield>
  <datafield tag="246" ind1="3" ind2="0">
    <subfield code="a">&#xE02;&#xE49;&#xE2D;&#xE40;&#xE2A;&#xE19;&#xE2D;&#xE41;&#xE19;&#xE27;&#xE04;&#xE34;&#xE14;&#xE43;&#xE19;&#xE01;&#xE32;&#xE23;&#xE1B;&#xE23;&#xE31;&#xE1A;&#xE1B;&#xE23;&#xE38;&#xE07;&#xE2B;&#xE23;&#xE37;&#xE2D;&#xE1E;&#xE31;&#xE12;&#xE19;&#xE32;&#xE07;&#xE32;&#xE19;.</subfield>
  </datafield>
  <datafield tag="260" ind1=" " ind2=" ">
    <subfield code="a">&#xE01;&#xE23;&#xE38;&#xE07;&#xE40;&#xE17;&#xE1E;&#xE2F; :</subfield>
    <subfield code="b">&#xE2A;&#xE33;&#xE19;&#xE31;&#xE01;&#xE07;&#xE32;&#xE19;&#xE40;&#xE25;&#xE02;&#xE32;&#xE18;&#xE34;&#xE01;&#xE32;&#xE23;&#xE2A;&#xE20;&#xE32;&#xE1C;&#xE39;&#xE49;&#xE41;&#xE17;&#xE19;&#xE23;&#xE32;&#xE29;&#xE0E;&#xE23;,</subfield>
    <subfield code="c">2564.</subfield>
  </datafield>
  <datafield tag="300" ind1=" " ind2=" ">
    <subfield code="a">79 &#xE2B;&#xE19;&#xE49;&#xE32; :</subfield>
    <subfield code="b">&#xE15;&#xE32;&#xE23;&#xE32;&#xE07; ;</subfield>
    <subfield code="c">29 &#xE0B;&#xE21;.</subfield>
  </datafield>
  <datafield tag="610" ind1="2" ind2="4">
    <subfield code="9">55053</subfield>
    <subfield code="a">&#xE2A;&#xE33;&#xE19;&#xE31;&#xE01;&#xE07;&#xE32;&#xE19;&#xE40;&#xE25;&#xE02;&#xE32;&#xE18;&#xE34;&#xE01;&#xE32;&#xE23;&#xE2A;&#xE20;&#xE32;&#xE1C;&#xE39;&#xE49;&#xE41;&#xE17;&#xE19;&#xE23;&#xE32;&#xE29;&#xE0E;&#xE23;</subfield>
    <subfield code="x">&#xE41;&#xE1C;&#xE19;&#xE1B;&#xE0E;&#xE34;&#xE1A;&#xE31;&#xE15;&#xE34;&#xE23;&#xE32;&#xE0A;&#xE01;&#xE32;&#xE23;</subfield>
    <subfield code="x">&#xE04;&#xE39;&#xE48;&#xE21;&#xE37;&#xE2D;</subfield>
  </datafield>
  <datafield tag="850" ind1=" " ind2=" ">
    <subfield code="a">NALT</subfield>
  </datafield>
  <datafield tag="942" ind1=" " ind2=" ">
    <subfield code="c">IS</subfield>
    <subfield code="2">local</subfield>
  </datafield>
  <datafield tag="998" ind1=" " ind2=" ">
    <subfield code="a">bijaya</subfield>
    <subfield code="c">103</subfield>
    <subfield code="j">111</subfield>
    <subfield code="k"> &#xE19;&#xE32;&#xE07;&#xE2A;&#xE32;&#xE27;&#xE1E;&#xE08;&#xE1E;&#xE34;&#xE13;  &#xE1E;&#xE23;&#xE21;&#xE40;&#xE2D;&#xE35;&#xE48;&#xE22;&#xE21;</subfield>
  </datafield>
  <datafield tag="999" ind1=" " ind2=" ">
    <subfield code="c">98665</subfield>
    <subfield code="d">98665</subfield>
  </datafield>
  <datafield tag="952" ind1=" " ind2=" ">
    <subfield code="0">0</subfield>
    <subfield code="1">0</subfield>
    <subfield code="2">local</subfield>
    <subfield code="4">0</subfield>
    <subfield code="7">0</subfield>
    <subfield code="8">CIS</subfield>
    <subfield code="a">NALT</subfield>
    <subfield code="b">NALT</subfield>
    <subfield code="c">IS</subfield>
    <subfield code="d">2021-11-24</subfield>
    <subfield code="l">28</subfield>
    <subfield code="m">18</subfield>
    <subfield code="o">ELR 120/2 2564</subfield>
    <subfield code="p">3961212454</subfield>
    <subfield code="q">2026-03-25</subfield>
    <subfield code="r">2026-03-18 00:00:00</subfield>
    <subfield code="s">2026-03-18</subfield>
    <subfield code="w">2021-11-24</subfield>
    <subfield code="y">IS</subfield>
  </datafield>
</record>
